Normas de Informacin̤ Financiera (NIF) 2014

Detalles Bibliográficos
Formato: eBook
Lenguaje:español
Publicado: Mx̌ico DF: Instituto Mexicano de Contadores Pb︢licos, 2014
Materias:
Acceso en línea:Acceso restringido

MARC

LEADER 00000nam a22000007a 4500
005 20140523235239.0
007 cr|||| ||||
008 140523s2014 mx |||||s|||| 00||0 spa d
020 |a 978-607-8331-87-1 
035 |a 12154 
040 |a vLex 
090 |c 4953  |d 4953 
245 0 0 |a Normas de Informacin̤ Financiera (NIF) 2014  |h [Recurso electrn̤ico] / 
256 |a Servicio en ln̕ea 
260 |a Mx̌ico DF:  |b Instituto Mexicano de Contadores Pb︢licos,  |c 2014 
300 |a 1 recurso electrn̤ico 
506 1 |a Disponible solo en los productos indicados  |d vLex Global  |d vLex Global (Academic Edition, excluding Law Schools)  |d vLex Global (U.S. Academic Edition, Law Schools)  |d vLex Global (U.S. Academic Edition, excluding Law Schools)  |d vLex Global (Academic Edition, Law Schools) 
650 0 4 |a Contabilidad  |z Colombia 
650 0 4 |a Derecho Fiscal  |z Colombia 
740 0 |a vLex Libros (Servicio en ln̕ea) 
856 4 0 |u http://vlex.com/source/normas-informacion-financiera-nif-2014-12154  |z Acceso restringido 
942 |c BOOK 
999 0 |a Accounting 
999 0 |a Tax Law